50 Famous People from South America - Statistics

General Stats
  • This quiz has been taken 188 times
    132 since last reset
  • The average score is 22 of 50
Answer Stats
Hint Answer % Correct
Nickname of Brazilian footballer Edson Arantes do Nascimento. Pele
92%
Argentine Marxist revolutionary and a major figure of the Cuban Revolution Che Guevara
90%
Colombian singer who is married to Spanish footballer Gerard Pique Shakira
84%
Argentine footballer who is the most capped player and top goal scorer in history Lionel Messi
83%
Argentine footballer who captained the team that won 1986 FIFA World Cup Diego Maradona
80%
Chilean Army General and military dictator who ruled Chile from 1973 to 1990 Augusto Pinochet
78%
Brazilian footballer who was named FIFA World Player of the Year three times Ronaldo
78%
Venezuelan military and political leader known as "the Liberator" Simon Bolivar
78%
Brazilian, three times F1 World champion who died in an accident in 1994 Ayrton Senna
76%
First Lady of Argentina from 1946 until her death in 1952 Eva Perron
75%
Brazilian model who is married to American football quarterback Tom Brady Gisele Bündchen
75%
Colombian drug lord who was the founder and sole leader of the Medellín Cartel Pablo Escobar
75%
Colombian novelist who wrote One Hundred Years of Solitude Gabriel Garcia Marquez
70%
President of Venezuela from 1999 until his death in 2013 Hugo Chavez
70%
Head of the Catholic Church whose real name is Jorge Mario Bergoglio Pope Francis
69%
President of Brazil since 1 January 2019 Jair Bolsonaro
62%
Top goal scorer in the history of Uruguay national football team Luis Suarez
60%
President of Venezuela since 2013, with his presidency under dispute since 2019 Nicolas Maduro
55%
Brazilian lyricist and novelist, best known for his novel The Alchemist Paulo Coelho
54%
Colombian, the highest paid actress in American television from 2013 to 2020 Sofia Vergara
54%
Argentine male tennis player who won US Open in 2009 Juan Martin Del Potro
41%
Brazilian racing driver who won the Formula One Championship three times Nelson Piquet
39%
Argentine female tennis player who won US Open in 1990 Gabriela Sabatini
38%
Chilean actor who played in Game of Thrones, Narcos and The Mandalorian Pedro Pascal
38%
Chile's first socialist president who committed suspected suicide in 1973 Salvador Allende
38%
Colombian goalkeeper known for his high-risk 'sweeper-keeper' playing style Rene Higuita
36%
Brazilian model who was named "the most valuable Victoria's Secret Angel" in 2017 Adriana Lima
34%
Argentine racing car driver who dominated the first decade of Formula One racing Juan Manuel Fangio
33%
Argentine basketball player who played 16 years for the San Antonio Spurs Manu Ginobili
32%
Brazilian tennis player who won the French Open singles title in 1997, 2000 and 2001 Gustavo Kuerten
31%
President of Bolivia from 2006 to 2019 Evo Morales
30%
Paraguayan footballer who was three-times World's best goalkeeper Jose Luis Chilavert
28%
Colombian racing driver who competed in Formula One from 2001 to 2006 Juan Pablo Montoya
27%
Peru's greatest football player ever Teofilo Cubillas
24%
Argentine writer whose best-known books are Fictions and The Aleph Jorge Luis Borges
22%
Argentine general and a key leader of South America's struggle for independence Jose de San Martin
22%
Brazilian actress who shares her last name with one European country Fernanda Montenegro
21%
Brazilian who served as the seventh president of FIFA from 1974 to 1998 Joao Havelange
20%
President of Brazil, first as dictator, from 1930 to 1945, and then from 1951 until 1954 Getulio Vargas
19%
Brazilian singer who performed international hit "Ai Se Eu Te Pego" Michel Telo
19%
Brazilian musician who was a pioneer of the bossa nova genre in the late 1950s Joao Gilberto
17%
Venezuelan fashion designer known for dressing various First Ladies Carolina Herrera
15%
Brazilian actress who played in series Firefly, Homeland and Gotham Morena Baccarin
15%
Brazilian model and actress who was a Victoria's Secret Angel from 2004 to 2017 Alessandra Ambrosio
14%
Guyanese singer whose famous song is "Gimme Hope Jo'anna" Eddy Grant
14%
Brazilian basketball player, considered to be the all-time leading scorer in the history Oscar Schmidt
14%
Brazilian actor who starred in the series Narcos Wagner Moura
13%
Peruvian coloratura soprano who played exotica music during the 1950s Yma Sumac
7%
Venezuelan conductor who received a star on the Hollywood Walk of Fame Gustavo Dudamel
5%
Ecuadorian revolutionary who supported women's rights Manuela Sáenz
1%
No matching quizzes found
Score Distribution
Percent of People with Each Score
Percentile by Number Answered
Your Score History
You have not taken this quiz since the last reset